00368nam a2200133Ia 4500008004100000020001500041041001200056082001600068100001700084245007100101260003800172300000800210650001600218221030s9999 xx 000 0 und d a9812400516 aEnglish a105.23bLaw aC. S. Lawler 4aThe Art of Programming Computer Science With C++.cby C. S. Lawler bThomson LearningaSingaporec2001 a591 aBE Computer